| 000 | 00789cab a2200217 4500 | ||
|---|---|---|---|
| 001 | L142165 | ||
| 008 | 070329s2007 xxk f v 000 0 eng d | ||
| 035 | _a(Sirsi) u142165 | ||
| 041 | 0 | _aeng | |
| 100 | 1 | _aMcIntosh, Milton | |
| 245 | 0 | 0 |
_aUpdate _blandlord and tenant |
| 260 | _c2007 | ||
| 490 | 0 |
_aSolicitors' Journal _v151(44) 2007, 1496-1497(2) |
|
| 520 | _aReviews recent legal cases and developments involving rent reviews, quiet enjoyment, repair damages, surrender agreements and business tenancies. (See also L142163 and L140196). | ||
| 590 | _aKA | ||
| 650 | 2 | 4 | _aHUNTE V BOTTOMLEY AND SONS |
| 650 | 2 | 4 | _aLYNDENDOWN V VITAMOL |
| 651 | 4 |
_aEngland and Wales _y1543- |
|
| 690 | _aPROPERTY-COMMERCIAL PROPERTY-COMMERCIAL LANDLORD AND TENANT-BUSINESS TENANCIES | ||
| 942 | _n0 | ||
| 999 |
_c79739 _d79739 |
||